ARRUPE JESUIT UNIVERSITY

CORONAVIRUS -STOP THE SPREAD - CLEAN,DISINFECT,COVER

The suppression of the African slave-trade to the United States of America, 1638-1870. (Record no. 124443)

MARC details
000 -LEADER
fixed length control field 01077cam a2200301 4500
001 - CONTROL NUMBER
control field 1191833
003 - CONTROL NUMBER IDENTIFIER
control field ARRUPE
005 - DATE AND TIME OF LATEST TRANSACTION
control field 20160323095742.0
008 - FIXED-LENGTH DATA ELEMENTS--GENERAL INFORMATION
fixed length control field 691125r19691896nyu 001 0 eng
010 ## - LIBRARY OF CONGRESS CONTROL NUMBER
LC control number 69020337 //r84
020 ## - INTERNATIONAL STANDARD BOOK NUMBER
International Standard Book Number 0807101494
035 ## - SYSTEM CONTROL NUMBER
System control number (OCoLC)ocm00023786
035 ## - SYSTEM CONTROL NUMBER
System control number (NNC)1191833
040 ## - CATALOGING SOURCE
Original cataloging agency DLC
Transcribing agency DLC
Modifying agency m.c.
-- ZCU
050 0# - LIBRARY OF CONGRESS CALL NUMBER
Classification number E441
Item number .D81 1969
082 ## - DEWEY DECIMAL CLASSIFICATION NUMBER
Classification number 380.1/44/0973
300 ## - PHYSICAL DESCRIPTION
Dimensions 21 cm.
100 1# - MAIN ENTRY--PERSONAL NAME
Personal name Du Bois, W. E. B.
Fuller form of name (William Edward Burghardt),
Dates associated with a name 1868-1963.
9 (RLIN) 23222
245 14 - TITLE STATEMENT
Title The suppression of the African slave-trade to the United States of America, 1638-1870.
Statement of responsibility, etc by Du Bois, W. E. B.
260 ## - PUBLICATION, DISTRIBUTION, ETC. (IMPRINT)
Place of publication, distribution, etc New York,
Name of publisher, distributor, etc Louisiana State University Press
Date of publication, distribution, etc 1969
300 ## - PHYSICAL DESCRIPTION
Extent xviii, 335p.;
490 1# - SERIES STATEMENT
Series statement Sourcebooks in Negro history
500 ## - GENERAL NOTE
General note A reprint of the 1896 ed. with a new introd. by A. Norman Klein, and the "Apologia" of the author, dated 1954.
650 #0 - SUBJECT ADDED ENTRY--TOPICAL TERM
Topical term or geographic name as entry element Slave trade
Geographic subdivision United States.
9 (RLIN) 23223
650 #0 - SUBJECT ADDED ENTRY--TOPICAL TERM
Topical term or geographic name as entry element Slave trade
9 (RLIN) 21745
830 #0 - SERIES ADDED ENTRY--UNIFORM TITLE
Uniform title Sourcebooks in Negro history.
9 (RLIN) 23224
942 ## - ADDED ENTRY ELEMENTS (KOHA)
Source of classification or shelving scheme Library of Congress Classification
Koha item type Monograph ( Printed materials)
Holdings
Withdrawn status Lost status Source of classification or shelving scheme Damaged status Not for loan Collection code Home library Current library Shelving location Date acquired Total Checkouts Full call number Barcode Date last seen Date checked out Price effective from Koha item type
    Library of Congress Classification     Main Collection ARRUPE LIBRARY ARRUPE LIBRARY Main Collection 22/03/2016 4 E441.D81 1969 46500007165 13/12/2017 14/09/2016 22/03/2016 Monograph ( Printed materials)
    Library of Congress Classification     Main Collection ARRUPE LIBRARY ARRUPE LIBRARY Main Collection 17/05/2022   E441 .D81 1969 46600008551 17/05/2022   17/05/2022 Monograph ( Printed materials)

 

Arrupe Library. PO Box MP320 Mt Pleasant, Harare, Zimbabwe
263 242 745411|librarian@aju.ac.zw